| 000 | 03657nam0a22004451 4500 | ||
|---|---|---|---|
| 001 | rc\2712867 | ||
| 005 | 20250529123429.0 | ||
| 035 | _a(NLR Aleph) 006840758 | ||
| 090 |
_a6643036 _c6643036 |
||
| 100 | _a20110915d1934 |||y0rusy50 ca | ||
| 101 | 0 | _arus | |
| 102 | _aRU | ||
| 105 | _aac z |||c| | ||
| 200 | 1 |
_aЭпрон. 1923-1933 _eОчерки бригады писателей |
|
| 210 |
_a[Ленинград] _cИзд-во писателей в Ленинграде _d[1934] _gтип. им. Володарского |
||
| 215 |
_a219, [2] с., 1 с. объявл., 1 вкл. л. портр. _cил. _d18х14 см. |
||
| 300 | _aСуп.-обл. и переплет: М. Кирнарский | ||
| 327 | 1 | _aСодерж.: А. П. Карпинский. К десятилетию Экспедиции подводных работ. Алексей Толстой. Смелость, творчество, упорство. И. Соколов-Микитов. Водолазы. Он же: В океане. Вяч. Шишков. "Садко" - гость советский. Людмила Попова. Песня. Она же: Водолазы. Она же: Ночь голосует. Она же. У телефона. Ник. Никитин. Около "Садко". Ел. Тагер. В тумане. А. Садовский. Тарасов - полпред и ехидный мальчик. Леонид Ленч. Богатый гость. Рассказ механика. А. И. Горелева. Как мы тонули на ледоколе "Садко". М. Шкапская. Большевист. викинги | |
| 464 | 0 |
_12000#$aВ тумане$fЕл. Тагер _tВ тумане |
|
| 464 | 0 |
_12000#$aТарасов - полпред и ехидный мальчик$fА. Садовский _tТарасов - полпред и ехидный мальчик |
|
| 464 | 0 |
_12000#$aУ телефона$fЛюдмила Попова _tУ телефона |
|
| 464 | 0 |
_12000#$aОколо "Садко"$fНик. Никитин _tОколо "Садко" |
|
| 464 | 0 |
_12000#$aКак мы тонули на ледоколе "Садко"$fА. И. Горелева _tКак мы тонули на ледоколе "Садко" |
|
| 464 | 0 |
_12000#$aБольшевистские викинги$fМ. Шкапская _tБольшевистские викинги |
|
| 464 | 0 |
_12000#$aБогатый гость$fЛеонид Ленч _tБогатый гость |
|
| 464 | 0 |
_12000#$aРассказ механика _tРассказ механика |
|
| 464 | 0 |
_12000#$aНочь голосует$fЛюдмила Попова _tНочь голосует |
|
| 464 | 0 |
_12000#$aСмелость, творчество, упорство$fАлексей Толстой _tСмелость, творчество, упорство |
|
| 464 | 0 |
_12000#$aВодолазы$fИ. Соколов-Микитов _tВодолазы |
|
| 464 | 0 |
_12000#$aВ океане$fИ. Соколов-Микитов _tВ океане |
|
| 464 | 0 |
_12000#$aК десятилетию Экспедиции подводных работ$fА. П. Карпинский _tК десятилетию Экспедиции подводных работ |
|
| 464 | 0 |
_12000#$aВодолазы$fЛюдмила Попова _tВодолазы |
|
| 464 | 0 |
_12000#$a"Садко" - гость советский$fВяч. Шишков _t"Садко" - гость советский |
|
| 464 | 0 |
_12000#$aПесня$fЛюдмила Попова _tПесня |
|
| 801 | 0 |
_aRU _bNLR _gpsbo |
|
| 801 | 1 |
_aRU _bELAR _2rusmarc |
|
| 852 |
_aNLR _j34-2/1272 |
||
| 942 | _cBOOK | ||
| 980 | _aNB | ||